000 01351nam a2200301 i 4500
003 EG-GICUC
005 20260121101732.0
008 260117s1958 ua ||||fr|||| 00| 0 ara d
040 _a EG-GICUC
_bara
_c EG-GICUC
_d EG-GICUC
_erda
041 0 _aara
082 0 4 _221
_a345.66
_bم ح . ت
092 0 4 _221
099 _aLaw1 07 345.66 م ح . ت 1958
100 0 _aمحمد عبد المنعم عباس
_eمؤلف.
245 1 2 _aالتنفيذ الاداري /
_cمحمد عبد المنعم عباس.
264 1 _aالقاهرة :
_bشركة النشر المصرية،
_c1958.
300 _a304 ؛ صفحة
_c24 سم.
336 _2rda content
_atext
337 _2rda media
_aComputer
338 _2rda carrier
_aOnline Resource
500 _aعلى المنقول لدى الممول ولدى الغير مع دراسة شاملة جامعة مبسطة لفكرة استحقاق الضريبة واقتضائها دفعة واحدة أو بالتقسيط أو عن طرق المقاصة او البيع مع بيان خصم تعجيل وفوائد تأخير الدفع
546 _aالنص باللغة العربية
650 1 4 _aنفاذ القرارات الإدارية
650 1 4 _aالقانون الإداري
856 4 0 _uhttps://fll.law.cu.edu.eg/fulltext/bks/B07-02182.pdf
905 _a77
942 _2ddc
_cBK
_e21
_n0
999 _c57345
_d57345